Tutti gli Stati che hanno controllato Reggio Calabria - Statistics

Statistiche generali
  • Questo quiz è stato fatto 18 volte
    13 dall'ultimo reset
  • Il punteggio medio è 21 su 33
Statistiche sulle risposte
con Immagini Hint Risposta % Corretto
27 a.C. - 395 Impero Romano
92%
536 - 918 Impero Bizantino
85%
918 - 1039 Impero Bizantino
85%
395 - 476 Impero Romano d'Occidente
85%
387 a.C. - 351 a.C. Polis di Siracusa
85%
1861 - 1946 Regno d'Italia
85%
1946 - Oggi Repubblica Italiana
85%
275 a.C. - 27 a.C. Repubblica Romana
85%
351 a.C. - 275 a.C. Polis di Rhegion
77%
1816 - 1860 Regno delle Due Sicilie
77%
1501 - 1504 Regno di Francia e di Navarra
77%
1504 - 1647 Regno di Spagna
77%
1648 - 1707 Regno di Spagna
77%
493 - 536 Regno Ostrogoto
77%
1220 - 1266 Sacro Romano Impero
77%
1707 - 1734 Arciducato d'Austria
69%
730 a.C. - 387 a.C. Polis di Rhegion
69%
1442 - 1458 Regno di Aragona
69%
1282 - 1442 Regno di Napoli
69%
1458 - 1501 Regno di Napoli
69%
1130 - 1220 Regno di Sicilia
69%
1266 - 1282 Regno di Sicilia
69%
1860 - 1861 Regno di Sardegna
54%
1734 - 1738 Regno di Francia/Regno di Spagna
46%
476 - 493 Regno di Odoacre
46%
1815 - 1816 Regno di Sicilia e Napoli
46%
1799 - 1815 Regno Napoleonico di Napoli
46%
918 Califfato Abbaside
38%
1799 Repubblica Partenopea
38%
1072 - 1130 Ducato di Puglia e di Calabria
23%
1738 - 1799 Regno di Sicilia e Napoli
23%
1039 - 1072 Principato di Salerno
15%
1647 - 1648 Serenissima Repubblica di Napoli
15%
Nessun quiz corrispondente trovato
Distribuzione punteggi
Percentuale di utenti per punteggio
Percentile per numero di risposta
I tuoi punteggi nel tempo
Non hai fatto questo quiz dall'ultimo reset